[Event "Play for Durgesh Fundraiser Blitz"]
[Site "Vishy Anand Arena"]
[Date "2020.09.19"]
[Round "7"]
[White "Gonda"]
[Black "Furace"]
[Result "0-1"]
[WhiteElo "1589"]
[BlackElo "1951"]
[PlyCount "104"]
[EventDate "2020.09.19"]
[EventType "swiss (blitz)"]

1. d4 Nf6 2. c4 g6 3. Nc3 d5 4. c5 b6 5. b4 a5 6. b5 bxc5 7. dxc5 Ne4 8. Qxd5 Nxc3 9. Qxd8+ Kxd8 10. Bb2 Bg7 11. Rc1 Nd7 12. c6 Nb6 13. Bxc3 Bxc3+ 14. Rxc3 Be6 15. Rd3+ Ke8 16. Nf3 Bxa2 17. g3 a4 18. Bg2 a3 19. O-O Bc4 20. Rd2 Bxb5 21. Ne5 f6 22. Nd7 Rd8 23. Rfd1 Nxd7 24. cxd7+ Kf7 25. Bd5+ e6 26. Bb3 Ke7 27. Rc1 Rxd7 28. Rxd7+ Kxd7 29. Rd1+ Ke7 30. Ra1 Ra8 31. e3 c5 32. f4 c4 33. Bc2 c3 34. e4 Bc4 35. Kf2 a2 36. Ke3 Rb8 37. Kd4 Rc8 38. g4 Kd6 39. e5+ fxe5+ 40. fxe5+ Ke7 41. h4 h6 42. Bxg6 Bd5 43. Bc2 Rc4+ 44. Ke3 Rxg4 45. Kd3 Rg3+ 46. Kd4 Rh3 47. Kc5 Rxh4 48. Rg1 Rh2 49. Rg7+ Kf8 50. Bg6 Kxg7 51. Kd6 a1=Q 52. Bf7 Qb2 0-1

[Event "Play for Durgesh Fundraiser Blitz"]
[Site "Vishy Anand Arena"]
[Date "2020.09.19"]
[Round "7"]
[White "Shivanthm"]
[Black "Vhjoshi"]
[Result "1-0"]
[WhiteElo "1589"]
[BlackElo "1497"]
[Annotator "NA"]
[PlyCount "93"]
[EventDate "2020.09.19"]
[EventType "swiss (blitz)"]

1. e4 e5 2. Nf3 Nc6 3. Bb5 a6 4. Ba4 Nf6 5. O-O b5 6. Bb3 Be7 7. Re1 O-O 8. h3 d6 9. c3 Be6 10. Bc2 Ne8 11. d4 exd4 12. cxd4 Bd7 13. a3 f5 14. e5 dxe5 15. dxe5 Be6 16. Bb3 Bxb3 17. Qxb3+ Kh8 18. Nc3 Nd4 19. Nxd4 Qxd4 20. Nd5 Bc5 21. Be3 Qc4 22. Qxc4 bxc4 23. Bxc5 Rg8 24. Ne7 Rf8 25. Ng6+ hxg6 26. Bxf8 c5 27. Bd6 Nxd6 28. exd6 Rd8 29. Rad1 Kg8 30. d7 Kf7 31. Rd6 a5 32. a4 c3 33. bxc3 g5 34. f3 c4 35. Re5 g6 36. Kf2 g4 37. Ke3 gxh3 38. gxh3 g5 39. Kd4 f4 40. Ke4 g4 41. hxg4 Kg7 42. Kf5 Rf8+ 43. Kg5 Rf5+ 44. Rxf5 Kh7 45. Rg6 Kh8 46. Kf6 Kh7 47. Rh5# 1-0

[Event "Play for Durgesh Fundraiser Blitz"]
[Site "Vishy Anand Arena"]
[Date "2020.09.19"]
[Round "7"]
[White "S A Serock"]
[Black "Namanjain2005"]
[Result "0-1"]
[WhiteElo "1587"]
[BlackElo "1600"]
[Annotator "NA"]
[PlyCount "78"]
[EventDate "2020.09.19"]
[EventType "swiss (blitz)"]

1. e4 c5 2. Nf3 d6 3. Bc4 Nc6 4. O-O Nf6 5. d4 cxd4 6. Nxd4 Nxe4 7. Nb3 g6 8. Bxf7+ Kxf7 9. Qd5+ Be6 10. Qxe4 Bg7 11. Nd4 Nxd4 12. Re1 Qd7 13. c3 Nc6 14. Bg5 Rhf8 15. Nd2 Bf5 16. Qd5+ e6 17. Qf3 Ne5 18. Qg3 Kg8 19. Nf3 Nxf3+ 20. Qxf3 Qc6 21. Qe3 Rf7 22. Rad1 d5 23. Bf4 Raf8 24. Be5 Be4 25. Bxg7 Kxg7 26. f3 Bf5 27. Rd2 Qb6 28. Qxb6 axb6 29. b3 Ra8 30. a4 Rc7 31. g4 Rxc3 32. gxf5 exf5 33. Re7+ Kf6 34. Ree2 Rxb3 35. Kg2 Rc8 36. Kh3 Rbc3 37. Rxd5 R3c4 38. Rd6+ Kg5 39. f4+ Rxf4 0-1

[Event "Play for Durgesh Fundraiser Blitz"]
[Site "Vishy Anand Arena"]
[Date "2020.09.19"]
[Round "7"]
[White "Harshinianand"]
[Black "Sanjith S"]
[Result "1-0"]
[WhiteElo "1585"]
[BlackElo "1444"]
[Annotator "NA"]
[PlyCount "47"]
[EventDate "2020.09.19"]
[EventType "swiss (blitz)"]

1. e4 e6 2. d4 d5 3. Nd2 c5 4. exd5 exd5 5. Ngf3 c4 6. c3 b5 7. g3 Nf6 8. Bg2 b4 9. cxb4 Bxb4 10. Qa4+ Bd7 11. Qxb4 Nc6 12. Qc3 O-O 13. O-O Qc8 14. Ne5 Nxe5 15. dxe5 Ne4 16. Nxe4 dxe4 17. Bxe4 Bh3 18. Re1 f5 19. Bd5+ Kh8 20. e6 f4 21. Bxf4 Rb8 22. e7 Rxf4 23. gxf4 Qe8 24. Qxh3 1-0

[Event "Play for Durgesh Fundraiser Blitz"]
[Site "Vishy Anand Arena"]
[Date "2020.09.19"]
[Round "7"]
[White "Sml_hari"]
[Black "Adithya s"]
[Result "1-0"]
[WhiteElo "1581"]
[BlackElo "1470"]
[Annotator "NA"]
[PlyCount "113"]
[EventDate "2020.09.19"]
[EventType "swiss (blitz)"]

1. d4 Nf6 2. c3 g6 3. Bf4 Bg7 4. e3 e6 5. Be2 O-O 6. Nf3 d5 7. O-O Nc6 8. h3 Ne7 9. Bd3 b6 10. Nbd2 c5 11. Re1 cxd4 12. exd4 Nc6 13. Ne5 Nxe5 14. Bxe5 Ne8 15. Bxg7 Nxg7 16. Nf3 Nf5 17. Bxf5 exf5 18. Ne5 Re8 19. Qb3 Qd6 20. Nf3 Rxe1+ 21. Rxe1 Bb7 22. Re5 Bc6 23. Qd1 Re8 24. Qe1 Rxe5 25. Qxe5 Qxe5 26. Nxe5 Bb5 27. f4 Kg7 28. Kf2 f6 29. Nf3 h6 30. h4 Bc4 31. b3 Bd3 32. Ke3 Bb1 33. a3 Ba2 34. Nd2 g5 35. g3 gxf4+ 36. Kxf4 Kg6 37. a4 Kg7 38. g4 fxg4 39. Kxg4 Kg6 40. h5+ Kf7 41. Kf5 Ke7 42. c4 dxc4 43. Nxc4 Bxb3 44. Nb2 Bf7 45. Kg4 Ke6 46. Nd3 Kd5 47. Nb4+ Kxd4 48. Nc6+ Ke4 49. Nxa7 f5+ 50. Kg3 f4+ 51. Kf2 f3 52. Nc8 Bxh5 53. Nxb6 Bg4 54. a5 h5 55. a6 h4 56. a7 h3 57. a8=Q+ 1-0

[Event "Play for Durgesh Fundraiser Blitz"]
[Site "Vishy Anand Arena"]
[Date "2020.09.19"]
[Round "7"]
[White "SuhasMrinal"]
[Black "Zoyanizar"]
[Result "0-1"]
[WhiteElo "1578"]
[BlackElo "1348"]
[Annotator "NA"]
[PlyCount "96"]
[EventDate "2020.09.19"]
[EventType "swiss (blitz)"]

1. e4 c5 2. Nf3 e6 3. d4 cxd4 4. Nxd4 Nc6 5. Nc3 Nf6 6. Be3 Bb4 7. a3 Bxc3+ 8. bxc3 Nxe4 9. f3 Nxc3 10. Qd3 Nd5 11. Be2 Nxe3 12. Qxe3 Qb6 13. c3 e5 14. Nc2 Qxe3 15. Nxe3 O-O 16. O-O b6 17. Bb5 Bb7 18. Ng4 a6 19. Bxc6 dxc6 20. Nxe5 Rfe8 21. Rfe1 c5 22. Nd7 b5 23. Nxc5 Bc6 24. Rxe8+ Rxe8 25. Nxa6 Re3 26. Nb4 Rxc3 27. Rd1 h6 28. Rd3 Rxd3 29. Nxd3 Kf8 30. Kf2 Ke7 31. Ke3 Kd6 32. Nb4 Bd7 33. Kd4 g5 34. g3 f5 35. Nd3 Bc6 36. f4 g4 37. Ne5 Bd7 38. Nf7+ Kc6 39. Nxh6 Kb6 40. Nf7 Ka5 41. Ne5 Be8 42. Nd3 Ka4 43. Nc5+ Kxa3 44. Kc3 b4+ 45. Kc2 Bf7 46. Kb1 b3 47. Nxb3 Kxb3 48. Kc1 Kc3 0-1

[Event "Play for Durgesh Fundraiser Blitz"]
[Site "Vishy Anand Arena"]
[Date "2020.09.19"]
[Round "7"]
[White "LegendBoy6"]
[Black "Prateek_thakur"]
[Result "1-0"]
[WhiteElo "1577"]
[BlackElo "1440"]
[Annotator "NA"]
[PlyCount "107"]
[EventDate "2020.09.19"]
[EventType "swiss (blitz)"]

1. e4 e5 2. d4 d6 3. dxe5 dxe5 4. Qxd8+ Kxd8 5. Nf3 Nc6 6. Nc3 Be6 7. Bb5 f6 8. Bxc6 bxc6 9. Be3 Kc8 10. O-O-O Kb7 11. Na4 Bb4 12. Bc5 Ba5 13. Ba3 Nh6 14. Nc5+ Kb6 15. Nxe6 g5 16. Bc5+ Kb7 17. b4 Bb6 18. Bxb6 axb6 19. Rd7 Rhc8 20. Kb2 Ng4 21. Rf1 h5 22. h3 Nh6 23. Rh7 Ng8 24. Rxh5 Ne7 25. Rh7 Ng6 26. Rg7 Nf4 27. Nxf4 exf4 28. g3 fxg3 29. fxg3 Re8 30. Rf7 Rxe4 31. Kb3 Re6 32. Nd4 Re3+ 33. c3 Rxg3 34. R1xf6 Rxh3 35. Rxc6 Rc8 36. Nb5 Kxc6 37. Nd4+ Kb7 38. Nb5 g4 39. Rg7 g3 40. Nd4 Rg8 41. Rxg8 Rh2 42. Rxg3 Rh6 43. Re3 Rd6 44. Re6 Rd5 45. Kc4 Rh5 46. Rc6 Rh4 47. b5 Rh2 48. Ne6 Rxa2 49. Rxc7+ Kb8 50. Rc6 Kb7 51. Nd8+ Kb8 52. Rxb6+ Kc7 53. Ra6 Kxd8 54. Rxa2 1-0

[Event "Play for Durgesh Fundraiser Blitz"]
[Site "Vishy Anand Arena"]
[Date "2020.09.19"]
[Round "7"]
[White "Chessison"]
[Black "Pradosh"]
[Result "1-0"]
[WhiteElo "1565"]
[BlackElo "1551"]
[Annotator "NA"]
[PlyCount "81"]
[EventDate "2020.09.19"]
[EventType "swiss (blitz)"]

1. d4 d5 2. c4 e6 3. Nf3 Nf6 4. g3 Nc6 5. Bg2 Bd6 6. Nbd2 O-O 7. b3 Re8 8. Bb2 Bd7 9. O-O Qe7 10. c5 Qd8 11. cxd6 cxd6 12. e3 Rc8 13. Rc1 Nh5 14. e4 dxe4 15. Nxe4 d5 16. Nd6 Ne7 17. Rxc8 Nxc8 18. Nxe8 Qxe8 19. Ne5 f6 20. Nxd7 Qxd7 21. Qxh5 Ne7 22. Rc1 Nf5 23. Bh3 g6 24. Qe2 Nxd4 25. Bxd4 Qd6 26. Bxe6+ Kg7 27. Bh3 Qa3 28. Qe7+ Qxe7 29. Bxa7 Qa3 30. Be3 Qxa2 31. Rc7+ Kf8 32. Bh6+ Ke8 33. Rc8+ Ke7 34. Rc7+ Kd6 35. Rd7+ Kc6 36. Rd8 Kb6 37. Be3+ Ka6 38. Ra8+ Kb5 39. Rxa2 Kc6 40. Bf1 Kd7 41. Rc2 1-0

[Event "Play for Durgesh Fundraiser Blitz"]
[Site "Vishy Anand Arena"]
[Date "2020.09.19"]
[Round "7"]
[White "Niru_g"]
[Black "Gskaavya"]
[Result "1-0"]
[WhiteElo "1564"]
[BlackElo "1418"]
[Annotator "NA"]
[PlyCount "41"]
[EventDate "2020.09.19"]
[EventType "swiss (blitz)"]

1. d4 Nf6 2. Bf4 d5 3. e3 e6 4. Nd2 c5 5. c3 c4 6. Ngf3 Nc6 7. h3 Bd6 8. Bxd6 Qxd6 9. b3 b5 10. a4 a6 11. axb5 Na7 12. bxc4 dxc4 13. Nxc4 Qe7 14. b6 Nb5 15. Nce5 Nxc3 16. Qb3 Nb5 17. Bxb5+ Bd7 18. Bxd7+ Nxd7 19. Nxd7 Qxd7 20. b7 Qxb7 21. Qxb7 1-0

[Event "Play for Durgesh Fundraiser Blitz"]
[Site "Vishy Anand Arena"]
[Date "2020.09.19"]
[Round "7"]
[White "Akshar77"]
[Black "Chirag_k1"]
[Result "1-0"]
[WhiteElo "1560"]
[BlackElo "1511"]
[Annotator "NA"]
[PlyCount "41"]
[EventDate "2020.09.19"]
[EventType "swiss (blitz)"]

1. e4 e6 2. d4 d5 3. Nc3 c5 4. exd5 exd5 5. dxc5 d4 6. Ne4 Nf6 7. Qe2 Be7 8. Nxf6+ gxf6 9. Qb5+ Nc6 10. Bd3 a6 11. Qb3 Be6 12. Qxb7 Bd7 13. Qb6 Qc8 14. Ne2 Ne5 15. Nxd4 Bxc5 16. Qxf6 Nxd3+ 17. cxd3 O-O 18. Bh6 Bxd4 19. Qxd4 Re8+ 20. Kf1 f6 21. Qxf6 1-0

[Event "Play for Durgesh Fundraiser Blitz"]
[Site "Vishy Anand Arena"]
[Date "2020.09.19"]
[Round "7"]
[White "prathameshb"]
[Black "GIRI_CHESSBASE"]
[Result "0-1"]
[WhiteElo "1559"]
[BlackElo "1307"]
[Annotator "NA"]
[PlyCount "64"]
[EventDate "2020.09.19"]
[EventType "swiss (blitz)"]

1. e4 e5 2. Nf3 Nc6 3. Bd3 Nf6 4. Nc3 d5 5. exd5 Nxd5 6. Nxd5 Qxd5 7. Bf1 Bg4 8. Be2 O-O-O 9. h3 Bh5 10. c4 Qd7 11. b4 Bxb4 12. g4 Bg6 13. Nh4 Be4 14. f3 Bg6 15. Nxg6 hxg6 16. Rb1 Ba5 17. Qb3 Bb6 18. c5 Qd4 19. cxb6 axb6 20. Qa3 f5 21. gxf5 Qh4+ 22. Kd1 Qf2 23. Rf1 Qg2 24. fxg6 Rxh3 25. Qa8+ Nb8 26. Qa4 e4 27. fxe4 Rh1 28. Bg4+ Qxg4+ 29. Kc2 Rxf1 30. Qc4 Qf4 31. Qxf1 Qxf1 32. Bb2 Qc4+ 0-1

[Event "Play for Durgesh Fundraiser Blitz"]
[Site "Vishy Anand Arena"]
[Date "2020.09.19"]
[Round "7"]
[White "Chess98c"]
[Black "SidharthS"]
[Result "0-1"]
[WhiteElo "1555"]
[BlackElo "1577"]
[Annotator "NA"]
[PlyCount "64"]
[EventDate "2020.09.19"]
[EventType "swiss (blitz)"]

1. e4 e5 2. Nf3 Nc6 3. Bc4 Nf6 4. Ng5 d5 5. exd5 Na5 6. Bb5+ c6 7. dxc6 bxc6 8. Qf3 h6 9. Bxc6+ Nxc6 10. Nxf7 Kxf7 11. Qxc6 Be6 12. Nc3 Rc8 13. Qf3 Bc5 14. O-O Rf8 15. d3 Kg8 16. Qg3 Ng4 17. Ne4 Qb6 18. Nxc5 Qxc5 19. Be3 Nxe3 20. fxe3 Qxc2 21. Qxe5 Qc6 22. d4 Bd5 23. Rxf8+ Rxf8 24. Qg3 Qc2 25. b3 Qb2 26. Rf1 Rxf1+ 27. Kxf1 Qb1+ 28. Ke2 Qxa2+ 29. Kf1 Qb1+ 30. Ke2 Qb2+ 31. Kd3 Qxb3+ 32. Ke2 Bc4+ 0-1

[Event "Play for Durgesh Fundraiser Blitz"]
[Site "Vishy Anand Arena"]
[Date "2020.09.19"]
[Round "7"]
[White "Parthivkava"]
[Black "Evilgenuisfanop2"]
[Result "1-0"]
[WhiteElo "1552"]
[BlackElo "1519"]
[Annotator "NA"]
[PlyCount "121"]
[EventDate "2020.09.19"]
[EventType "swiss (blitz)"]

1. d4 d5 2. Bf4 e6 3. e3 Bb4+ 4. c3 Bd6 5. Bg3 Nf6 6. Nf3 Ne4 7. Nbd2 Nxg3 8. hxg3 Nc6 9. Bd3 e5 10. Nxe5 Nxe5 11. dxe5 Bxe5 12. Nf3 f6 13. Nxe5 fxe5 14. Qh5+ Kd7 15. Qxe5 g6 16. Qxd5+ Ke7 17. Qxd8+ Rxd8 18. O-O-O Bg4 19. f3 Bf5 20. Rxh7+ Kf6 21. Bxf5 Rxd1+ 22. Kxd1 gxf5 23. Rxc7 Rg8 24. Rxb7 Rxg3 25. Rxa7 Rxg2 26. Ra6+ Kg5 27. Kc1 Rg1+ 28. Kc2 Rg2+ 29. Kd3 Rg3 30. f4+ Kg4 31. Rf6 Rg2 32. a4 Rxb2 33. a5 Rb7 34. a6 Rd7+ 35. Ke2 Ra7 36. Kd3 Rd7+ 37. Kc4 Ra7 38. Kb5 Kf3 39. Rxf5 Kxe3 40. Rf6 Ke4 41. f5 Ke5 42. Rb6 Kxf5 43. Rb7 Ra8 44. a7 Re8 45. c4 Re5+ 46. c5 Re8 47. Rb8 Re1 48. a8=Q Rb1+ 49. Kc6 Re1 50. Rf8+ Kg6 51. Qa7 Re6+ 52. Kd5 Rf6 53. Rxf6+ Kxf6 54. c6 Kf5 55. c7 Kf4 56. c8=Q Kg3 57. Qf7 Kh4 58. Qh8+ Kg5 59. Qhg7+ Kh4 60. Qf4+ Kh3 61. Qfh6# 1-0

[Event "Play for Durgesh Fundraiser Blitz"]
[Site "Vishy Anand Arena"]
[Date "2020.09.19"]
[Round "7"]
[White "Stormingrage_60"]
[Black "Chess chess"]
[Result "1-0"]
[WhiteElo "1551"]
[BlackElo "1366"]
[Annotator "NA"]
[PlyCount "137"]
[EventDate "2020.09.19"]
[EventType "swiss (blitz)"]

1. Nf3 e6 2. g3 d5 3. Bg2 c5 4. O-O Nc6 5. Ne1 Bd6 6. f3 b6 7. e3 Bb7 8. d3 Nge7 9. Bd2 O-O 10. Nc3 f5 11. Ne2 Ng6 12. Nf4 Nxf4 13. exf4 Qe7 14. Bc3 Rae8 15. d4 Qc7 16. Kh1 c4 17. b3 b5 18. b4 a6 19. Rb1 Bc8 20. Ra1 Bd7 21. Nd3 Rb8 22. Ne5 Bxe5 23. fxe5 Be8 24. f4 Bg6 25. Bd2 Nxd4 26. Be3 Nc6 27. Bc5 Rfe8 28. Bf2 Nxb4 29. c3 Nc6 30. Qe2 Ne7 31. Bf3 Nc8 32. Kg2 Nb6 33. Rh1 Na4 34. Be1 Rf8 35. Qf2 Qe7 36. Bd1 Nc5 37. Bd2 Nd3 38. Qe2 Qf7 39. Bc2 Nc5 40. h3 Ne4 41. Bxe4 dxe4 42. Be3 Bh5 43. Qf2 Bf3+ 44. Kh2 Bxh1 45. Rxh1 Qh5 46. Bc5 Rfd8 47. Bd6 Qf3 48. Qxf3 exf3 49. Bxb8 Rxb8 50. Rf1 Rd8 51. Rxf3 Rd2+ 52. Kg1 Rxa2 53. Rf2 Ra3 54. Rc2 a5 55. Kf2 b4 56. cxb4 axb4 57. Rxc4 b3 58. Rb4 Ra2+ 59. Ke3 b2 60. Kd3 Ra3+ 61. Kc2 Rxg3 62. Rxb2 Rxh3 63. Rb8+ Kf7 64. Rb7+ Kg6 65. Rb6 Kh5 66. Rxe6 Kg4 67. Re7 Kxf4 68. Rxg7 Kxe5 69. Re7+ 1-0

[Event "Play for Durgesh Fundraiser Blitz"]
[Site "Vishy Anand Arena"]
[Date "2020.09.19"]
[Round "7"]
[White "deborajbiswas"]
[Black "avibhat"]
[Result "1/2-1/2"]
[WhiteElo "1548"]
[BlackElo "1446"]
[Annotator "NA"]
[PlyCount "96"]
[EventDate "2020.09.19"]
[EventType "swiss (blitz)"]

1. d4 d5 2. Nf3 Nf6 3. e3 c5 4. b3 Nc6 5. Bb2 Bf5 6. c4 e6 7. Bd3 Bxd3 8. Qxd3 Nb4 9. Qd1 cxd4 10. exd4 dxc4 11. bxc4 Nc6 12. O-O Be7 13. Ne5 Nxe5 14. dxe5 Nd7 15. Nd2 O-O 16. Nf3 Nc5 17. Ba3 Qa5 18. Bxc5 Qxc5 19. Qd4 Qxd4 20. Nxd4 Rad8 21. Rad1 Bc5 22. Nf3 b6 23. a4 a5 24. Nd2 Rd4 25. Nb3 Rxc4 26. Nxc5 Rxc5 27. Rd6 Rxe5 28. Rxb6 Re4 29. Ra1 Ra8 30. Rb5 g6 31. g3 Rb4 32. Rc5 Kf8 33. Kf1 Ke7 34. Ke2 Kd6 35. Rc3 Rb2+ 36. Kf3 e5 37. Rd3+ Ke6 38. Rc3 Kf5 39. g4+ Kg5 40. Kg3 f5 41. h4+ Kh6 42. g5+ Kg7 43. Rc7+ Kg8 44. Rc5 Re2 45. Kf3 Re4 46. Kg3 Re2 47. Kf3 Re4 48. Kg3 Re2 1/2-1/2

[Event "Play for Durgesh Fundraiser Blitz"]
[Site "Vishy Anand Arena"]
[Date "2020.09.19"]
[Round "7"]
[White "smokyqueen"]
[Black "Kaustuv Kundu"]
[Result "0-1"]
[WhiteElo "1547"]
[BlackElo "2165"]
[Annotator "NA"]
[PlyCount "100"]
[EventDate "2020.09.19"]
[EventType "swiss (blitz)"]

1. e3 c5 2. Nf3 g6 3. Be2 Bg7 4. Nc3 Nc6 5. d3 Nf6 6. Bd2 O-O 7. O-O d5 8. Re1 d4 9. exd4 cxd4 10. Ne4 Nxe4 11. dxe4 e5 12. Bf1 h6 13. g3 Be6 14. Bg2 Qd7 15. Qe2 Rac8 16. a3 Rfd8 17. Rac1 a6 18. Nh4 Qe7 19. Rf1 d3 20. cxd3 Nd4 21. Qd1 Bb3 22. Qg4 Rxc1 23. Bxc1 h5 24. Qg5 Bf6 25. Qh6 Ne2+ 26. Kh1 Nxc1 27. Qxc1 Bxh4 28. gxh4 Rxd3 29. Qc8+ Kg7 30. Rc1 Be6 31. Qc2 Rd4 32. Qe2 Qxh4 33. Rc3 Qg5 34. h3 h4 35. Qe3 Qxe3 36. Rxe3 Rd2 37. Kh2 Rxf2 38. Rc3 Rxb2 39. Rc7 b5 40. Rc6 Bc4 41. Kg1 a5 42. Ra6 a4 43. Rd6 f6 44. Rd7+ Kh6 45. Bf3 Kg5 46. Bg4 Kf4 47. Rg7 Kg3 48. Bd1 g5 49. Rd7 Rf2 50. Rd6 Rf1# 0-1

[Event "Play for Durgesh Fundraiser Blitz"]
[Site "Vishy Anand Arena"]
[Date "2020.09.19"]
[Round "7"]
[White "Tarun Mateti"]
[Black "SaurabhGurbhele"]
[Result "1-0"]
[WhiteElo "1546"]
[BlackElo "1389"]
[Annotator "NA"]
[PlyCount "67"]
[EventDate "2020.09.19"]
[EventType "swiss (blitz)"]

1. d4 d5 2. c4 c6 3. Nf3 Nf6 4. g3 Nbd7 5. Bg2 e6 6. O-O Bd6 7. Nfd2 Nb6 8. c5 Ne4 9. cxd6 Nxd6 10. e4 O-O 11. e5 Ndc4 12. Nxc4 Nxc4 13. Nc3 b5 14. b3 b4 15. bxc4 bxc3 16. cxd5 cxd5 17. Qd3 Qe7 18. Qxc3 Ba6 19. Ba3 Bxf1 20. Bxe7 Rfe8 21. Bd6 Bxg2 22. Kxg2 Red8 23. Rb1 Rac8 24. Qa5 Rd7 25. Qa6 h6 26. Qxc8+ Kh7 27. Qxd7 f5 28. exf6 Kg6 29. Qxg7+ Kf5 30. f7 Ke4 31. Qe5+ Kd3 32. Rb3+ Kc4 33. Qe2+ Kxd4 34. Qd3# 1-0

[Event "Play for Durgesh Fundraiser Blitz"]
[Site "Vishy Anand Arena"]
[Date "2020.09.19"]
[Round "7"]
[White "The ChessForce"]
[Black "Sairam Ramabadra"]
[Result "1-0"]
[WhiteElo "1528"]
[BlackElo "1822"]
[Annotator "NA"]
[PlyCount "41"]
[EventDate "2020.09.19"]
[EventType "swiss (blitz)"]

1. e4 e5 2. Nf3 Nf6 3. Nxe5 Nc6 4. Nxc6 dxc6 5. d3 Bc5 6. Be2 h5 7. c3 Bb6 8. Bg5 Bg4 9. e5 Bxf2+ 10. Kxf2 Ne4+ 11. dxe4 Qxg5 12. Bxg4 hxg4 13. Rf1 Rxh2 14. Qe2 g3+ 15. Ke1 Qc1+ 16. Qd1 Qxb2 17. Qb3 Qxa1 18. Qxf7+ Kd8 19. Qf8+ Kd7 20. Rf7+ Ke6 21. Qe7# 1-0

[Event "Play for Durgesh Fundraiser Blitz"]
[Site "Vishy Anand Arena"]
[Date "2020.09.19"]
[Round "7"]
[White "Hmota"]
[Black "AmoghB"]
[Result "0-1"]
[WhiteElo "1527"]
[BlackElo "1440"]
[Annotator "NA"]
[PlyCount "86"]
[EventDate "2020.09.19"]
[EventType "swiss (blitz)"]

1. e4 e6 2. Nf3 d5 3. d3 dxe4 4. dxe4 Qxd1+ 5. Kxd1 Bc5 6. Be3 Bxe3 7. fxe3 Nc6 8. e5 Nge7 9. Bb5 Bd7 10. Ke2 Nxe5 11. Bxd7+ Nxd7 12. Rd1 O-O-O 13. Nc3 Nb6 14. Rxd8+ Rxd8 15. Rd1 Rxd1 16. Nxd1 Nc4 17. b3 Nd6 18. c4 Nc6 19. Kd3 f6 20. Nc3 Kd7 21. e4 a6 22. g4 g5 23. h3 h6 24. a4 Nf7 25. b4 Nce5+ 26. Ke3 Nxc4+ 27. Kd4 Nce5 28. b5 Nxf3+ 29. Kc5 axb5 30. axb5 Nd2 31. b6 c6 32. Na4 Nxe4+ 33. Kd4 Nfd6 34. Nc5+ Nxc5 35. Kxc5 e5 36. Kb4 e4 37. Kc3 Ke6 38. Kd4 c5+ 39. Kxc5 e3 40. Kd4 e2 41. Kc5 e1=Q 42. Kd4 Qd2+ 43. Kc5 Qc3# 0-1

[Event "Play for Durgesh Fundraiser Blitz"]
[Site "Vishy Anand Arena"]
[Date "2020.09.19"]
[Round "7"]
[White "maddy_ducky"]
[Black "Rahulyadav"]
[Result "0-1"]
[WhiteElo "1519"]
[BlackElo "1684"]
[Annotator "NA"]
[PlyCount "68"]
[EventDate "2020.09.19"]
[EventType "swiss (blitz)"]

1. e4 e5 2. Nf3 Nc6 3. d4 exd4 4. Nxd4 Bc5 5. Nxc6 bxc6 6. Nc3 Rb8 7. Bc4 d6 8. O-O Nf6 9. Rb1 h6 10. Re1 O-O 11. Be3 Bb6 12. Bxb6 cxb6 13. Qd2 Qc7 14. Rbd1 Rd8 15. e5 Ne8 16. exd6 Nxd6 17. Ne4 Bg4 18. Nxd6 Bxd1 19. Rxd1 b5 20. Bb3 c5 21. c3 c4 22. Bc2 Rb6 23. Nxb5 Rxd2 24. Nxc7 Rxd1+ 25. Bxd1 Rxb2 26. Kf1 Rxa2 27. Nd5 Rd2 28. Ne3 a5 29. Nxc4 Rxd1+ 30. Ke2 Ra1 31. Kd2 a4 32. f3 a3 33. Ke2 a2 34. Kd2 Rb1 0-1

[Event "Play for Durgesh Fundraiser Blitz"]
[Site "Vishy Anand Arena"]
[Date "2020.09.19"]
[Round "7"]
[White "kaukik"]
[Black "strangebhaina"]
[Result "1-0"]
[WhiteElo "1517"]
[BlackElo "1489"]
[Annotator "NA"]
[PlyCount "85"]
[EventDate "2020.09.19"]
[EventType "swiss (blitz)"]

1. d4 Nf6 2. c4 e6 3. Nf3 d5 4. g3 Bb4+ 5. Nbd2 dxc4 6. Bg2 Ne4 7. O-O Nxd2 8. Bxd2 Bxd2 9. Qxd2 O-O 10. Ne5 Nd7 11. Nxc4 b6 12. Bxa8 Ba6 13. Be4 Bxc4 14. Bxh7+ Kxh7 15. Qc2+ Kg8 16. Qxc4 Nf6 17. Rac1 a5 18. Qd3 Nd5 19. a3 f5 20. e4 fxe4 21. Qxe4 Rf6 22. f4 Qd7 23. g4 Rf7 24. Rce1 Nf6 25. Qxe6 Qxe6 26. Rxe6 Nxg4 27. h3 Nf6 28. Re5 Rd7 29. Rd1 Nd5 30. f5 Ne7 31. Kg2 Nc6 32. Re4 Ne7 33. Rf1 Nc6 34. Rff4 Kf7 35. Kg3 Nxd4 36. Rxd4 Rxd4 37. Rxd4 Kf6 38. Kf4 c5 39. Rd6+ Ke7 40. Rxb6 Kd8 41. Kg5 Kc7 42. Re6 Kd7 43. Kg6 1-0

[Event "Play for Durgesh Fundraiser Blitz"]
[Site "Vishy Anand Arena"]
[Date "2020.09.19"]
[Round "7"]
[White "Mraa"]
[Black "pranay20"]
[Result "1-0"]
[WhiteElo "1512"]
[BlackElo "1594"]
[Annotator "NA"]
[PlyCount "81"]
[EventDate "2020.09.19"]
[EventType "swiss (blitz)"]

1. e4 c5 2. Nf3 d6 3. d4 cxd4 4. Nxd4 Nf6 5. Nc3 g6 6. Be3 Bg7 7. f3 O-O 8. Qd2 Nc6 9. Nxc6 bxc6 10. Bh6 Rb8 11. Bxg7 Kxg7 12. O-O-O Be6 13. b3 Qa5 14. Kb1 Qa3 15. Ne2 a5 16. Nd4 Bd7 17. Bc4 d5 18. exd5 cxd5 19. Bd3 e5 20. Ne2 a4 21. Qc1 Qxc1+ 22. Nxc1 axb3 23. cxb3 Rfc8 24. h4 h5 25. Ne2 Be6 26. Ng3 d4 27. Ne4 Nd5 28. Rc1 Ne3 29. Nd6 Rxc1+ 30. Rxc1 Nxg2 31. Rg1 Nxh4 32. f4 exf4 33. Ne4 Nf5 34. Ng5 Ne3 35. Nxe6+ fxe6 36. Rxg6+ Kf7 37. Rh6 f3 38. Rxh5 f2 39. Rh7+ Ke8 40. Rh8+ Ke7 41. Rc8 1-0

[Event "Play for Durgesh Fundraiser Blitz"]
[Site "Vishy Anand Arena"]
[Date "2020.09.19"]
[Round "7"]
[White "superark"]
[Black "Sahana007"]
[Result "0-1"]
[WhiteElo "1512"]
[BlackElo "1351"]
[Annotator "NA"]
[PlyCount "80"]
[EventDate "2020.09.19"]
[EventType "swiss (blitz)"]

1. e4 e5 2. Nf3 Nc6 3. Nc3 Nf6 4. Bb5 Bc5 5. Nxe5 Nxe5 6. d4 Bxd4 7. Qxd4 Nc6 8. Qd1 O-O 9. Bg5 h6 10. Bh4 d6 11. Nd5 Bg4 12. Nxf6+ gxf6 13. Qxg4+ Kh8 14. O-O-O Rg8 15. Qf5 Ne7 16. Bxf6+ Rg7 17. Bxg7+ Kxg7 18. Qg4+ Kh8 19. Bc4 Qg8 20. Qh5 Ng6 21. Qxh6+ Qh7 22. Qe3 Re8 23. Qd4+ Qg7 24. Qxg7+ Kxg7 25. Rhe1 Ne5 26. Bb3 Ng4 27. f3 Ne5 28. Rh1 Rg8 29. h4 Kh8 30. f4 Ng6 31. Bxf7 Rg7 32. Bxg6 Rxg6 33. f5 Rh6 34. Rdf1 Rh7 35. f6 Kg8 36. g4 Kf8 37. g5 Rh8 38. g6 Rg8 39. f7 Rxg6 40. h5 Rh6 0-1

[Event "Play for Durgesh Fundraiser Blitz"]
[Site "Vishy Anand Arena"]
[Date "2020.09.19"]
[Round "7"]
[White "Chessjoker11"]
[Black "Ritvik1705"]
[Result "1-0"]
[WhiteElo "1505"]
[BlackElo "1381"]
[Annotator "NA"]
[PlyCount "83"]
[EventDate "2020.09.19"]
[EventType "swiss (blitz)"]

1. d4 d5 2. c4 dxc4 3. e3 Nc6 4. Bxc4 e5 5. d5 Na5 6. Qa4+ c6 7. dxc6 Nxc6 8. Nc3 Nf6 9. Qb3 Qd7 10. Nf3 Bc5 11. O-O O-O 12. Rd1 Qf5 13. e4 Qh5 14. Be2 Ng4 15. Rf1 Nd4 16. h3 Nxb3 17. axb3 Nf6 18. Nd4 Qg6 19. Ndb5 Bxh3 20. Bf3 Bg4 21. Bxg4 Nxg4 22. Na4 b6 23. Nxc5 bxc5 24. f3 Qb6 25. Nc3 Nf6 26. Be3 Qxb3 27. Rab1 Rab8 28. Bxc5 Rfc8 29. Ba3 Nh5 30. Rfd1 f6 31. Ra1 Nf4 32. Rab1 Nxg2 33. Kxg2 Qc2+ 34. Kg3 Rxc3 35. bxc3 Qxe4 36. fxe4 Rxb1 37. Rd8+ Kf7 38. Bd6 Kg6 39. Rd7 h6 40. Rxa7 f5 41. Ra6 Kg5 42. Bc7 1-0

[Event "Play for Durgesh Fundraiser Blitz"]
[Site "Vishy Anand Arena"]
[Date "2020.09.19"]
[Round "7"]
[White "Danish2009"]
[Black "SHANKHADEEP2006"]
[Result "0-1"]
[WhiteElo "1505"]
[BlackElo "1820"]
[Annotator "NA"]
[PlyCount "44"]
[EventDate "2020.09.19"]
[EventType "swiss (blitz)"]

1. e4 e5 2. Nf3 Nc6 3. Bc4 Nf6 4. d3 Bc5 5. c3 d6 6. O-O h6 7. h3 g5 8. Qe2 g4 9. hxg4 Bxg4 10. d4 exd4 11. b4 Bb6 12. Bb5 Qe7 13. Qc4 Bxf3 14. Bxc6+ Kf8 15. Bxb7 Rg8 16. g3 Rb8 17. Bxh6+ Ke8 18. Bc6+ Kd8 19. cxd4 Nxe4 20. Bxe4 Bxe4 21. Re1 Qh4 22. Bf4 Qh1# 0-1